Moderné smery v budovaní systémov na meranie prietoku ropy a ropných produktov

Bibliographic Details
Main Author: Kučerová, Libuša (Author)
Format: Article
Language:Slovak
PhysicalDescription:Obr., sch.
ISSN:1335-2237
Subjects:

MARC

LEADER 00000nab a2200000 a 4500
001 vtls000795939
003 SK-MaSNL
005 20260304104505.0
008 250429c2001 xo 0 slo
015 |a SNBRB2002/05-17533 
035 |a CLN000147594 
035 |a urn:nbn:sk:snk-abbvfj 
035 |a (urnnbn)urn:nbn:sk:snk:ar-001f0y 
035 |a (uuid)c1ca4125-a727-4c99-bb73-04eaac416a7b 
040 |a SNKBUCL  |b slo  |c SNKBUCL  |e AACR2 
041 0 |a slo 
044 |a xo  |c SK 
080 |a 681.121.8:665.6  |2 1997 
080 |a 665.6.012.1  |2 1997 
100 1 |a Kučerová, Libuša  |4 aut  |9 1402290 
245 1 0 |a Moderné smery v budovaní systémov na meranie prietoku ropy a ropných produktov  |c Libuša Kučerová 
300 |b Obr., sch. 
610 7 |a Fisher-Rosemount  |x prietokomery  |2 snkbucl  |9 1404612 
650 0 7 |a ropa  |x prietok  |x meranie  |2 snkbucl  |9 1404613 
650 0 7 |a prietokomery  |2 snkbucl  |9 13611 
655 7 |a články z novín a časopisov  |2 snkbucl  |9 267496 
773 0 |t AT&P journal  |g Roč. 8, č. 3 (2001), s. 30-32  |x 1335-2237 
850 |a Slovenská národná knižnica 
852 |a Slovenská národná knižnica 
954 |a odborná, vedecká literatúra pôvodná (slovenská)  |2 lita 
958 |a article15 
958 |a OND 
958 |a EUIPO 
992 |a RBX 
999 |c 2851866  |d 2853796